| 000 | 00876nam a22003015b 4500 | ||
|---|---|---|---|
| 001 | 446 | ||
| 003 | DO-SdBPM | ||
| 005 | 20250611083900.0 | ||
| 007 | ta | ||
| 008 | 950710s2000 sp a | |||| ||spa | ||
| 017 |
_a _b |
||
| 020 | _a8424159748 | ||
| 040 |
_aDO-SdBPM _bspa _cBPMSU _e rda |
||
| 082 | 4 |
_a863.6 _bN945p 1999 _222 |
|
| 100 | 1 |
_aChandro, Juan Carlos _d |
|
| 245 | 1 | 0 |
_aPadia y los trampolinos / _c Teresa Novoa _h |
| 250 | _a | ||
| 260 |
_aLeón, España : _bEditorial Everest, _c1999 |
||
| 300 |
_a35 p. : _bil. ; _c21 cm |
||
| 490 | 0 |
_aMontaña encantada; _aPrimeros lectores, _v |
|
| 590 | _aInventariado, 2025/VM | ||
| 600 | _2 | ||
| 650 | 4 | _aCuentos infantiles españoles | |
| 650 | 4 |
_aJuegos _vCuentos infantiles |
|
| 650 | 4 | _aLiteratura infantil española | |
| 910 | _aVMateo V. Control de calidad. BPMSU | ||
| 942 |
_2ddc _cBK |
||
| 999 |
_c15149 _d15149 |
||